| 000 | 00525nam a2200181Ia 4500 | ||
|---|---|---|---|
| 003 | IN-BaIIA | ||
| 008 | 211028s9999 xx 000 0 eng d | ||
| 020 | _a0-7167-0521-4 | ||
| 040 | _cIIA Library | ||
| 080 |
_a52 _bKIN |
||
| 100 |
_aKing, Ivan R _99749 |
||
| 245 | 4 |
_aThe universe unfolding _cIvan R King |
|
| 260 |
_aSan Francisco _bW. H. Freeman _c1976 |
||
| 300 | _aviii, 504p. | ||
| 650 |
_aAstronomy _980 |
||
| 650 | _aAstronomy and Astrophysics Thesaurus | ||
| 942 | _cBK | ||
| 999 |
_c8890 _d8890 |
||